Loading...
The human machine: how to prevent breakdowns
| Main Authors: | , |
|---|---|
| Published: |
New Delhi, National Book Trust
1990
|
| Series: | Popular Science
|
| Subjects: |
| LEADER | 005040000a22001690004500 | ||
|---|---|---|---|
| 082 | |a 612 N0 | ||
| 100 | |a Bijlani, R L | ||
| 100 | |a Manchanda, S K | ||
| 245 | |a The human machine: how to prevent breakdowns | ||
| 260 | |a New Delhi, National Book Trust | ||
| 260 | |c 1990 | ||
| 490 | |a Popular Science | ||
| 650 | |a Disease | ||
| 650 | |a Health | ||
| 650 | |a Human Machine | ||
| 999 | |c 88527 |d 88527 | ||
| 952 | |0 0 |1 0 |4 0 |6 612_000000000000000_N0 |7 0 |9 80862 |a SBES |b SBES |d 2016-08-12 |l 0 |o 612 N0 |p SBES00613 |r 2016-08-12 |w 2016-08-12 | ||